Latinoamérica y el Caribe 2007-2010: crisis y perspectivas de recuperación en el crecimiento económico /
Este trabajo tiene por finalidad establecer un estudio comparativo del comportamiento del crecimiento económico de 23 países lationamericanos y caribeños del 2007 al 2008, y tomando en cuenta las cifras de pronóstico de crecimiento de las economías para 2009 y 2010, identificar los patrones de compo...
Gorde:
| Egile nagusia: | |
|---|---|
| Formatua: | Texto |
| Gaiak: | |
| Etiketak: |
Etiketa erantsi
Etiketarik gabe, Izan zaitez lehena erregistro honi etiketa jartzen!
|
MARC
| LEADER | 00000 a a2200000 04500 | ||
|---|---|---|---|
| 001 | 46160 | ||
| 003 | |||
| 040 | |||
| 100 | |a Reyes, Giovanni E. | ||
| 245 | |a Latinoamérica y el Caribe 2007-2010: |b crisis y perspectivas de recuperación en el crecimiento económico / |c Giovanni E. Reyes | ||
| 520 | |a Este trabajo tiene por finalidad establecer un estudio comparativo del comportamiento del crecimiento económico de 23 países lationamericanos y caribeños del 2007 al 2008, y tomando en cuenta las cifras de pronóstico de crecimiento de las economías para 2009 y 2010, identificar los patrones de comportamiento del crecimiento de producción de las diferentes naciones. Se realizaron análisis por agrupaciones basadas en la comparación de crecimientos económicos acumulados. | ||
| 590 | |a AMB/MAYO2014 | ||
| 650 | |a ECONOMIA | ||
| 650 | |a PRODUCCION | ||
| 650 | |a CRISIS ECONOMICA | ||
| 650 | |a CRECIMIENTO ECONOMICO | ||
| 650 | |a PAISES EN DESARROLLO | ||
| 650 | |a AMERICA LATINA | ||
| 650 | |a CARIBE | ||
| 773 | |g volumen20, número36 (2009), páginas 11-29 : tablas, gráficos | ||
| 999 | |c 25591 |d 25591 | ||
